[Finančný a bankový marketing]
Recenzia na publikáciu J. Medveďa a Z. Kováčovej: Finančný a bankový marketing. Rozdelenie publikácie do troch vzájomne prepojených častí. Charakteristika jednotlivých častí. Komu je publikácia určená.
Salvato in:
| Autore principale: | |
|---|---|
| Natura: | Capitolo di libro |
| Lingua: | slovacco |
| Soggetti: | |
| Tags: |
Nessun Tag, puoi essere il primo ad aggiungerne!!
|
MARC
| LEADER | 00000naa$a2200000$$$4500 | ||
|---|---|---|---|
| 001 | 0004942 | ||
| 005 | 20231106091018.4 | ||
| 041 | 0 | |a slo | |
| 044 | |a SK | ||
| 245 | 1 | 0 | |a [Finančný a bankový marketing] |c rec. Milan Majcher |
| 520 | |a Recenzia na publikáciu J. Medveďa a Z. Kováčovej: Finančný a bankový marketing. Rozdelenie publikácie do troch vzájomne prepojených častí. Charakteristika jednotlivých častí. Komu je publikácia určená. | ||
| 610 | 2 | 0 | |a recenzie |
| 610 | 2 | 0 | |a marketing |
| 610 | 2 | 0 | |a banky |
| 610 | 2 | 0 | |a služby finančné |
| 100 | 1 | |a Majcher, Milan | |